| 000 | 00669nam a2200193 i 4500 | ||
|---|---|---|---|
| 001 | 85815 | ||
| 003 | ES-MaACL | ||
| 005 | 20250925162404.0 | ||
| 007 | t| | ||
| 008 | 041202s1943 sp ||||1| spa d | ||
| 110 | 2 |
_aJuntas de Ofensiva Nacional-Sindicalista. _95424 |
|
| 245 | 1 | 0 |
_aJONS _b: organo teórico de las Juntas de Ofensiva Nacional Sindicalista / _cantología y prólogo de Juan Aparicio. |
| 250 | _a2ª ed. | ||
| 260 |
_a[Madrid] : _bEditorial Nacional, _c1943 ( _eAlcalá de Henares : _fTalleres Penitenciarios) |
||
| 300 |
_aXIX, 410 p. ; _c22 cm. |
||
| 700 | 1 |
_aAparicio, Juan, _d1906- _922051 |
|
| 852 |
_aES-MaACL _jF-16201 |
||
| 999 |
_c85815 _d85815 |
||